000 00332 a2200109 4500
001 ART_11552
005 20260410161858.0
008 260409a
245 1 0 _aTax incentives and charitable giving
100 1 _aClotfelter, Charles
773 0 _tJournal of public economics
_g- Vol. 13, NÂș 3 (jun. 1980)
_wREV11485
999 _c25633
_d25633